[Event "Budapest FS04 FM"]
[Site "Budapest"]
[Date "2019.04.02"]
[Round "4"]
[White "Nagy, Gyorgy"]
[Black "Liptak, Tibor"]
[Result "1-0"]
[WhiteElo "1821"]
[BlackElo "1726"]
[PlyCount "67"]
[EventDate "2019.03.30"]
[EventType "tourn"]
[EventRounds "10"]
[EventCountry "HUN"]
[SourceTitle "EXT 2020"]
[Source "ChessBase"]
[SourceDate "2019.10.17"]
[SourceVersion "1"]
[SourceVersionDate "2019.10.17"]
[SourceQuality "1"]

1. d4 Nf6 2. c4 c5 3. d5 e6 4. Nc3 d6 5. e4 g6 6. Bd3 Bg7 7. Nge2 0-0 8. 0-0 Nbd7 9. f4 exd5 10. cxd5 Re8 11. Ng3 a6 12. a4 Qc7 13. h3 b6 14. Bc2 Bb7 15. Qf3 Re7 16. Bd2 Rae8 17. Rad1 c4 18. Bc1 b5 19. axb5 axb5 20. Qf2 Qa5 21. e5 dxe5 22. d6 Re6 23. f5 gxf5 24. Bxf5 b4 25. Bxe6 Rxe6 26. Nce4 Qa8 27. Ng5 Re8 28. Nf5 Bf8 29. Qg3 Nh5 30. Qh4 Nhf6 31. Nh6+ Bxh6 32. Qxh6 Qd8 33. Rf5 Ne4 34. Qxh7+ 1-0

[Event "Budapest Karacsonyi op"]
[Site "Budapest"]
[Date "2017.12.28"]
[Round "3"]
[White "Nagy, Gyorgy"]
[Black "Varga, Boldizsar"]
[Result "1-0"]
[WhiteElo "1741"]
[BlackElo "1728"]
[PlyCount "95"]
[EventDate "2017.12.27"]
[EventType "swiss"]
[EventRounds "7"]
[EventCountry "HUN"]
[SourceTitle "CBM 182 Extra"]
[Source "ChessBase"]
[SourceDate "2018.02.23"]
[SourceVersion "1"]
[SourceVersionDate "2018.02.23"]
[SourceQuality "1"]

1. d4 d5 2. c4 c6 3. Nf3 Nf6 4. Nc3 e6 5. e3 Nbd7 6. Qc2 Bd6 7. Bd3 dxc4 8. Bxc4 b5 9. Bd3 Bb7 10. a3 0-0 11. 0-0 Rc8 12. b4 Re8 13. Bb2 Qe7 14. Rad1 e5 15. Ne4 Nxe4 16. Bxe4 h6 17. Bf5 exd4 18. Rxd4 Rcd8 19. Rfd1 Nb6 20. Rg4 f6 21. Bh7+ Kh8 22. Nh4 Qc7 23. Ng6+ Kxh7 24. Nf8+ Kg8 25. Qh7+ Kxf8 26. Qh8+ Ke7 27. Qxg7+ Ke6 28. Qxf6+ Kd7 29. Rg7+ Kc8 30. Rxc7+ Bxc7 31. Rxd8+ Rxd8 32. Bd4 Nc4 33. f4 Nxa3 34. Bxa7 Nc4 35. Qe6+ Rd7 36. Qxh6 Bb6 37. Bxb6 Nxb6 38. Qh8+ Kc7 39. e4 Re7 40. Qd4 Bc8 41. Kf2 Nc4 42. h3 Nd6 43. e5 Nf5 44. Qa7+ Bb7 45. g4 Nh6 46. Qc5 Rd7 47. e6 Rd5 48. Qf8 1-0

[Event "Budapest Karacsonyi op"]
[Site "Budapest"]
[Date "2017.12.27"]
[Round "1"]
[White "Nagy, Gyorgy"]
[Black "Eperjesi, Laszlo"]
[Result "0-1"]
[WhiteElo "1741"]
[BlackElo "2089"]
[PlyCount "78"]
[EventDate "2017.12.27"]
[EventType "swiss"]
[EventRounds "7"]
[EventCountry "HUN"]
[SourceTitle "CBM 182 Extra"]
[Source "ChessBase"]
[SourceDate "2018.02.23"]
[SourceVersion "1"]
[SourceVersionDate "2018.02.23"]
[SourceQuality "1"]

1. d4 Nf6 2. c4 e6 3. Nc3 Bb4 4. Qc2 0-0 5. e3 d5 6. Nf3 c5 7. Bd3 dxc4 8. Bxc4 Nc6 9. a3 cxd4 10. axb4 dxc3 11. bxc3 Qc7 12. Bd3 b6 13. 0-0 e5 14. Bb2 Re8 15. Ng5 h6 16. Ne4 Nxe4 17. Bxe4 Bb7 18. Rac1 a5 19. Rfd1 Red8 20. b5 Ne7 21. Bxb7 Qxb7 22. Rxd8+ Rxd8 23. c4 Ng6 24. c5 bxc5 25. Qxc5 Rd5 26. Qc8+ Qxc8 27. Rxc8+ Kh7 28. g3 Rxb5 29. Bc3 Rb1+ 30. Kg2 Rc1 31. Rc7 a4 32. Bxe5 Rxc7 33. Bxc7 a3 34. Ba5 Ne7 35. Bc3 Nd5 36. Be5 f6 37. Bd4 Nb4 38. Kf1 Nc2 39. Ke2 Nxd4+ 0-1

[Event "HUN-chT4 Chalupetzky 1718"]
[Site "Hungary"]
[Date "2017.11.05"]
[Round "2.4"]
[White "Szabo Thomka, Daniel"]
[Black "Nagy, Gyorgy"]
[Result "1-0"]
[WhiteElo "1844"]
[BlackElo "1482"]
[PlyCount "43"]
[EventDate "2017.10.15"]
[EventType "team-tourn"]
[EventRounds "7"]
[EventCountry "HUN"]
[SourceTitle "EXT 2019"]
[Source "ChessBase"]
[SourceDate "2018.10.10"]
[SourceVersion "1"]
[SourceVersionDate "2018.10.10"]
[SourceQuality "1"]
[WhiteTeam "Gyor Szechenyi"]
[BlackTeam "Gonyu"]
[WhiteTeamCountry "HUN"]
[BlackTeamCountry "HUN"]

1. e4 e5 2. Nf3 Nc6 3. Bb5 d6 4. h3 Bd7 5. 0-0 a6 6. Ba4 Nf6 7. Re1 Be7 8. c3 Na7 9. Bc2 h6 10. d4 Bc6 11. Nbd2 Nb5 12. dxe5 dxe5 13. Nxe5 0-0 14. Nxc6 bxc6 15. a4 Na7 16. Qe2 Nc8 17. Nf3 Re8 18. e5 Nd5 19. Qe4 f6 20. Qh7+ Kf7 21. e6+ Kf8 22. Qh8# 1-0

[Event "HUN-chT4 1617"]
[Site "Hungary"]
[Date "2017.01.15"]
[Round "4.2"]
[White "Balogh, Anett"]
[Black "Nagy, Gyorgy"]
[Result "1-0"]
[WhiteElo "1396"]
[BlackElo "1532"]
[PlyCount "43"]
[EventDate "2016.10.02"]
[EventType "team-tourn"]
[EventRounds "7"]
[EventCountry "HUN"]
[SourceTitle "EXT 2019"]
[Source "ChessBase"]
[SourceDate "2018.10.10"]
[SourceVersion "1"]
[SourceVersionDate "2018.10.10"]
[SourceQuality "1"]

1. e4 e5 2. Bc4 Nf6 3. Nc3 Bc5 4. Nf3 Nc6 5. d3 d6 6. Bg5 Qd7 7. Bxf6 gxf6 8. Nd5 Qd8 9. Qd2 Be6 10. Qh6 Bxd5 11. Bxd5 Qe7 12. Bxc6+ bxc6 13. Nh4 Kd7 14. Nf5 Qd8 15. f4 d5 16. 0-0-0 Qf8 17. Qh3 Kd8 18. fxe5 fxe5 19. exd5 f6 20. dxc6 Rb8 21. Nd4 Qe8 22. Ne6+ 1-0

[Event "HUN-chT4 1314"]
[Site "Hungary"]
[Date "2013.10.13"]
[Round "1.2"]
[White "Nagy, Gyorgy"]
[Black "Horvath, Laszlo"]
[Result "0-1"]
[WhiteElo "1584"]
[BlackElo "2208"]
[PlyCount "52"]
[EventDate "2013.10.13"]
[EventType "team-tourn"]
[EventRounds "11"]
[EventCountry "HUN"]
[SourceTitle "EXT 2016"]
[Source "ChessBase"]
[SourceDate "2015.10.08"]
[SourceVersion "1"]
[SourceVersionDate "2015.10.08"]
[SourceQuality "1"]

1. e4 g6 2. Nc3 Bg7 3. Nf3 e6 4. d4 Ne7 5. Bd3 0-0 6. Be3 b6 7. 0-0 Bb7 8. a4 d5 9. e5 Nd7 10. Qd2 Re8 11. Bh6 Bh8 12. Nb5 a6 13. Nc3 c5 14. b3 cxd4 15. Ne2 Nxe5 16. Nxe5 Bxe5 17. Qb4 Nc6 18. Qd2 Bh8 19. Qf4 e5 20. Qg5 Qxg5 21. Bxg5 e4 22. Rad1 exd3 23. Nf4 dxc2 24. Rc1 Nb4 25. Nh3 d3 26. Bd2 Na2 0-1